00462nam a2200157Ia 45000010006000000050017000060080041000230410008000640820016000721000041000882450122001292600009002513000028002606500008002886540008002962044220260306172806.0260306t2023||||xx |||||||||||||| ||spa|| aESP a343.21bH44 aHernández Chávez, Pedro A.,eAUT 0aEl control del poder en el estado constitucional :bfundamentos para una teoría integral del control constitucional c2023 a766 páginas :c25 cm. aGEN aCDE